000 00297nam a22001337a 4500
008 170425b xxu||||| |||| 00| 0 eng d
020 _a9781429209892
041 _aeng
080 _22ND
_a54
100 _a12
101 _aSHM
245 _aINVESTIGATING CHEMISTRY
_cJOHLL, M.E
942 _2udc
_cBK
999 _c11891
_d11891